| 000 | 00562nam a2200181 i 4500 | ||
|---|---|---|---|
| 001 | 111748 | ||
| 003 | ES-MaACL | ||
| 005 | 20230906185344.0 | ||
| 007 | t| | ||
| 008 | 061121s1912 uy r ||||1| spa d | ||
| 100 | 1 |
_aOribe, Aquiles B. _987251 |
|
| 245 | 1 | 0 |
_aBrigadier General D. Manuel Oribe _b: estudio científico acerca de su personalidad / _cAquiles B. Oribe. |
| 250 | _a2ª. ed. | ||
| 260 |
_aMontevideo : _bA. Barreiro y Ramos, _c1912. |
||
| 300 |
_a2 v. ; _c20 cm. |
||
| 600 | 1 | 4 |
_aOribe, Manuel ( _d1792-1857) _9165537 |
| 852 |
_aES-MaACL _jF-8010-11 |
||
| 999 |
_c111748 _d111748 |
||